000 01046cam a2200229 i 4500
999 _c57943
_d57943
001 18584163
005 20221110123400.0
008 150420s2016 enka b 001 0 eng
020 _a9780415747707x
041 _aeng
080 _a33(4) R-83
245 0 0 _aRoutledge handbook of the economics of European integration /
_cedited by Harald Badinger and Volker Nitsch.
264 1 _aNew York :
_bRoutledge, Taylor & Francis Group,
_c2016.
300 _axix, 515 pages :
_billustrations ;
_c26 cm.
610 2 0 _aEuropean Union.
_911061
653 _aევროპასთან ინტეგრაციის ეკონომიკის სახელმძღვანელო
653 _aСправочник по экономике европейской интеграции
653 _aევრო კავშირის სახელმწიფოები
700 1 _aBadinger, Harald,
_d
_eრედაქტორი
_911066
700 1 _aNitsch, Volker,
_eრედაქტორი
_911067
942 _2udc
_cBK